Normal view
MARC view
- الببليوغرافيا الاردنية لعام 2013
Entry Topical Term
001 - CONTROL NUMBER
- control field: 51525
003 - CONTROL NUMBER IDENTIFIER
- control field: JO-AjAnu
005 - DATE AND TIME OF LATEST TRANSACTION
- control field: 20230606082457.0
008 - FIXED-LENGTH DATA ELEMENTS
- fixed length control field: 230606|| aca||aabn | a|a d
040 ## - CATALOGING SOURCE
- Original cataloging agency: JO-AjAnu
- Transcribing agency: JO-AjAnu
150 ## - HEADING--TOPICAL TERM
- Topical term or geographic name entry element: الببليوغرافيا الاردنية لعام 2013
670 ## - SOURCE DATA FOUND
- Source citation: Work cat.: (JO-AjAnu)26336: عمان، دائرة المكتبة الوطنية, author 51524, الببليوغرافيا الوطنية الأردنية: السجل السنوي للنتاج الفكري في المملكة الأردنية الهاشمية لعام 2013 = The jordanian National Bibliography : The Annual Regisited Of Jordanian Books Legally Deposited Of the National Library in 2013